书目信息 |
| 题名: |
机电一体化技术
|
|
| 作者: | 李建勇 主编 | |
| 分册: | ||
| 出版信息: | 北京 科学出版社 2004.4 |
|
| 页数: | 462页 | |
| 开本: | 24cm | |
| 丛书名: | ||
| 单 册: | ||
| 中图分类: | TH-39 | |
| 科图分类: | ||
| 主题词: | 机电一体化--高等学校--教材 | |
| 电子资源: | ||
| ISBN: | 7-03-012425-1 | |
| 000 | 00745nam0 2200241 45 | |
| 001 | 012004000000 | |
| 005 | 20051207101216.14 | |
| 010 | @a7-03-012425-1@d39.00CNY | |
| 100 | @a20040624d2004 em y0chiy0121 ea | |
| 101 | 0 | @achi |
| 102 | @aCN@b110000 | |
| 105 | @aak z 000yy | |
| 200 | 1 | @a机电一体化技术@Aji dian yi ti hua ji shu@f李建勇主编 |
| 210 | @a北京@c科学出版社@d2004.4 | |
| 215 | @a462页@c图, 表格@d24cm | |
| 300 | @a21世纪高等院校教材 | |
| 320 | @a附参考文献 | |
| 330 | @a本书内容: 机电一体化技术导论; 机电一体化的单元技术; 机电一体化系统的建模与仿真...... | |
| 606 | 0 | @a机电一体化@x高等学校@j教材 |
| 690 | @aTH-39@v4 | |
| 701 | 0 | @a李建勇@Ali jian yong@4主编 |
| 801 | 0 | @aCN@bQSSKxf@c20051207 |
| 905 | @a10447@dTH-39@eL180 | |
| 机电一体化技术/李建勇主编.-北京:科学出版社,2004.4 |
| 462页:图, 表格;24cm |
| 21世纪高等院校教材 |
| ISBN 7-03-012425-1:39.00CNY |
| 本书内容: 机电一体化技术导论; 机电一体化的单元技术; 机电一体化系统的建模与仿真...... |
| ● |
| 相关链接 |
|
|
|
正题名:机电一体化技术
索取号:TH-39/L180
 
预约/预借
| 序号 | 登录号 | 条形码 | 馆藏地/架位号 | 状态 | 备注 |
| 1 | 442212 | 204422124 | 自科二线504/504自科库 13排1列1层/ [索取号:TH-39/L180] | 在馆 | |
| 2 | 442213 | 204422133 | 自科库501/501自科库 30排4列4层/ [索取号:TH-39/L180] | 在馆 | |
| 3 | 442214 | 204422142 | 自科库501/501自科库 30排4列4层/ [索取号:TH-39/L180] | 在馆 | |
| 4 | 545899 | 205458994 | 自科二线504/504自科库 42排3列1层/ [索取号:TH-39/L180] | 在馆 | |
| 5 | 545900 | 205459001 | 自科二线504/504自科库 13排1列1层/ [索取号:TH-39/L180] | 在馆 | |
| 6 | 545901 | 205459010 | 自科二线504/504自科库 42排3列1层/ [索取号:TH-39/L180] | 在馆 |